Statistics for FIFA BEST EA FC 24 PLAYERS BY COUNTRY

Click here to take the quiz!

General Stats

  • This quiz has been taken 165 times
  • The average score is 22 of 34

Answer Stats

HintAnswer% Correct
Belgium 91Kevin De Bruyne
99%
Argentina 90Lionel Messi
99%
France 91Kylian Mbappé
96%
Egypt 89Mohamed Salah
95%
Algeria 86Riyad Mahrez
94%
England 90Harry Kane
93%
Croatia 87Luka Modric
92%
Norway 91Erling Haaland
88%
Poland 90Robert Lewandowski
88%
Canada 83Alphonso Davies
87%
South Korea 87Heung Min Son
82%
Netherlands 89Virgil van Dijk
81%
Austria 85David Alaba
80%
Portugal 89Rúben Dias
72%
Scotland 86Andrew Robertson
71%
Colombia 84Luis Díaz
71%
Nigeria 88Victor Osimhen
66%
Italy 87Gianluigi Donnarumma
63%
Slovenia 88Jan Oblak
60%
Cameroon 85André Onana
57%
Uruguay 88Federico Valverde
57%
Spain 89Rodri
56%
Germany 89Marc-André ter Stegen
55%
Serbia 86Sergej Milinkovic-Savic
51%
Morocco 85Yassine Bounou
48%
Czech Republic 83Patrik Schick
45%
Denmark 84Pierre-Emile Højbjerg
43%
Hungary 84Péter Gulácsi
39%
Switzerland 87Gregor Kobel
38%
Ghana 85Thomas Partey
37%
Turkey 85Hakan Çalhanoğlu
34%
Ivory Coast 83Sébastien Haller
20%
Ukraine 82Viktor Tsygankov
15%
Japan 81Daichi Kamada
14%

Score Distribution

Percentile by Number Answered

Percent of People with Each Score

Your Score History

You have not taken this quiz